• 首页
  • 本馆介绍
  • 公告通知
  • 最新文献
  • 馆藏检索
  • 电子资源
  • 读者导购
  • 参考咨询
  • 我的图书馆
  • 登录
  • 详细信息显示
  • 放入我的书架
  • 预约/预借图书
  • 作者相关作品
  • 分类相关作品
  • 丛书相关作品
  • 出版社相关作品

书目信息

  • 表格格式
  • 工作单格式
  • 卡片格式
题名:
新编古筝教程
    
 
作者: 沙里晶 , 傅华强 , 闫嘉颖 著
分册: 第二册  
出版信息: 上海   上海音乐出版社  2015
页数: 264页
开本: 29cm
丛书名:
单 册:
中图分类: J632.326
科图分类:
主题词: 筝--Zheng--奏法--教材
电子资源:
ISBN: 978-7-5523-0632-3
000 00845nam0 22002531 450
001 350372
005 20161010151319.85
010    @a978-7-5523-0632-3@dCNY58.00
100    @a20150519d2015 em y0chiy50 ea
101 0  @achi
102    @aCN@b310000
105    @aag z 000yy
106    @ar
200 1  @a新编古筝教程@AXin Bian Gu Zheng Jiao Cheng@h第二册@f沙里晶,傅华强,闫嘉颖著
210    @a上海@c上海音乐出版社@d2015
215    @a264页@c照片@d29cm
330    @a本书收录了《战台风》、《秦桑曲》、《山坡羊》、《雪山春晓》、《铁马吟》、《闹元宵》等古筝练习曲目。
606 0  @a筝@AZheng@x奏法@j教材
690    @aJ632.326@v5
701  0 @a沙里晶@ASha Li Jing@c(女)@4著
701  0 @a傅华强@AFu Hua Qiang@f(1961~)@4著
701  0 @a闫嘉颖@AYan Jia Ying@c(女)@4著
801  0 @aCN@bTANGWEI@c20160803
905    @b0889705-9@dJ632.326@e104:2@f5
    
    新编古筝教程.第二册/沙里晶,傅华强,闫嘉颖著.-上海:上海音乐出版社,2015
    264页:照片;29cm
    
    
    ISBN 978-7-5523-0632-3:CNY58.00
    本书收录了《战台风》、《秦桑曲》、《山坡羊》、《雪山春晓》、《铁马吟》、《闹元宵》等古筝练习曲目。
●
相关链接 在E读中查询图书 在五车中查询图书 在当当中查询图书 在豆瓣中查询图书


正题名:新编古筝教程     索取号:J632.326/104:2         预约/预借

序号 登录号 条形码 馆藏地/架位号 状态 备注
1 0889705   208897050   第一样本阅览室/ [索取号:J632.326/104:2] 在馆    
2 0889706   208897069   第一借阅区/ [索取号:J632.326/104:2] 在馆    
3 0889707   208897078   第一借阅区/ [索取号:J632.326/104:2] 在馆    
4 0889708   208897087   第一借阅区/ [索取号:J632.326/104:2] 在馆    
5 0889709   208897096   第一借阅区/ [索取号:J632.326/104:2] 在馆    
唐山师范学院图书馆 欢迎您!
大连网信软件有限公司© 版权所有